Osmanlı mimarlığı erken döneminde Bursa'da yapıların oluşumu / (Record no. 15209)
[ view plain ]
| 000 -BAŞLIK | |
|---|---|
| Sabit Uzunlukta Kontrol Alanı | 00822nam a22002417a 4500 |
| 999 ## - SİSTEM KONTROL NUMARALARI (KOHA) | |
| Koha Biblionumber | 15209 |
| Koha Biblioitemnumber | 15209 |
| 003 - KONTROL NUMARASI IDENTIFIER | |
| Denetim Alanı | MIRAKIL |
| 005 - SON İŞLEM TARİHİ VE ZAMANI | |
| Denetim Alanı | 20230424113912.0 |
| 008 - SABİT-BOY VERİ ELEMANLARI - GENEL BİLGİLER | |
| Sabit Uzunlukta Kontrol Alanı | 230424b tu ||||| |||| 00| 0 tur d |
| 020 ## - ULUSLARARASI STANDART KİTAP NUMARASI | |
| Uluslararası Standart Kitap Numarası | 9786055382124 |
| 040 ## - KATALOGLAMA KAYNAK | |
| Orijinal Kataloglama Ajansı | TR-AnCHP |
| Metne Dönüştürmek Ajansı | TR-AnCHP |
| 041 ## - DİL KODU | |
| Metin / Ses Parça Veya Ayrı Başlığın Dil Kodu | Tur |
| 082 ## - DEWEY ONLU SINIFLANDIRMA NUMARASI | |
| Sınıflandırma Numarası | 721.0956223 |
| Ürün Numarası | Y35o [t.y.] |
| 100 ## - ANA GİRİŞ - KİŞİSEL İSİM | |
| Kişisel Ad | Yenal, Engin |
| 245 10 - BAŞLIK TABLOSU | |
| Başlık | Osmanlı mimarlığı erken döneminde Bursa'da yapıların oluşumu / |
| Sorumluluk Tablosu, Vb | Engin Yenal ; editör : İsmail Cengiz. |
| 260 ## - YAYIN, DAĞITIM, VB | |
| Yayın, Dağıtım, Vb Yeri | Bursa : |
| Yayıncı, Dağıtıcı, Vs Adı | Bursa Büyükşehir Belediyesi, |
| Yayın, Dağıtım, Vb Tarihi | [t.y.] |
| 300 ## - FİZİKSEL TANIM | |
| Kapsam | 296 s.: |
| Diğer Fiziksel Ayrıntıları | fotg.; |
| Boyutlar | 32 sm. |
| 504 ## - KAYNAKÇA VB NOT | |
| Kaynakça Vb Notu | Kaynakça bölüm sonlarındadır. |
| 504 ## - KAYNAKÇA VB NOT | |
| Kaynakça Vb Notu | Dizin vardır. |
| 650 #0 - KONU KATMA GİRİŞ - TOPİKAL DÖNEM | |
| 9 (RLIN) | 5057 |
| Topikal Süreli Veya Coğrafi Ad Giriş Elemanı | Tarih |
| Genel Alt Bölümü | Osmanlı İmparatorluğu |
| 651 #0 - KONU KATMA GİRİŞ - COĞRAFİ ADI | |
| 9 (RLIN) | 6172 |
| Coğrafi İsim | Bursa, Türkiye |
| Genel Alt Bölümü | Mimari |
| Kronolojik Alt Bölümü | Osmanlı imparatorluğu |
| 700 ## - KATMA GİRİŞ - KİŞİSEL İSİM | |
| 9 (RLIN) | 7383 |
| Kişisel Ad | Cengiz, İsmail |
| Relator Terim | ed. |
| 942 ## - EKLENDİ GİRİŞ ELEMANLARI (KOHA) | |
| Sınıflandırma Veya Raf Düzeni Kaynak | Dewey Decimal Classification |
| Koha Öğesi Türü | Books |
| Kalıcı Konum | Mevcut Konum | Edinme Tarihi | Toplam Check-Out'Lar | Tam Çağrı Numarası | Barkod | Tarih Son Görülme | İtibaren Geçerli Fiyatlar | Koha Öğesi Türü |
|---|---|---|---|---|---|---|---|---|
| CHP Kütüphanesi | CHP Kütüphanesi | 04/24/2023 | 721.0956223 Y35o [t.y.] | 020797 | 04/24/2023 | 04/24/2023 | Books |
